| 000 | 00474nam a2200145Ia 4500 | ||
|---|---|---|---|
| 008 | 220530s9999 xx 000 0 und d | ||
| 041 | _aeng | ||
| 082 |
_a631.304 _bCHO |
||
| 100 |
_aChoudhury Hajara S K _955993 |
||
| 245 |
_aElements of Workshop Technology Vol I _bManufacturing Processes |
||
| 260 |
_aMumbai _bMedia Promoters & Publishers Pvt Ltd _c2011 |
||
| 300 |
_a670 P _bPB |
||
| 700 |
_a Battachary S C Choudhury Hajara A K Roy Nirjhar _955994 |
||
| 906 |
_a50 _bMECH |
||
| 999 |
_c50864 _d50864 |
||